Két falu, egy közigazgatás látogatóban Mátyócon és Vajkócon

Bibliographic Details
Main Author: Szpisák, Gyula (Author)
Format: Article
Language:Hungarian
Slovak
PhysicalDescription:Fotogr.
Subjects:

MARC

LEADER 00000nab a2200000 a 4500
001 vtls008156006
003 SK-MaSNL
005 20260319070540.0
008 050524c2005 xo |||||||| 000 b|hun
015 |a SNBRB2005/04  |2 snkbucl 
038 |a SNKBUCL 
040 |a DSZK  |b slo  |c DSZK  |e AACR2 
041 0 |a slo 
044 |a xo  |c SK 
080 |a 332.1  |x (437.6)  |2 1997 
100 1 |a Szpisák, Gyula  |4 aut  |9 1078313 
245 1 0 |a Két falu, egy közigazgatás  |b látogatóban Mátyócon és Vajkócon  |c Szpisák Gyula 
300 |b Fotogr. 
650 0 7 |a regionálny rozvoj  |2 snkbucl  |9 2352 
651 7 |a Vajkovce (Slovensko)  |2 snkbucl  |9 31206 
651 7 |a Maťovské Vojkovce (Slovensko)  |2 snkbucl  |9 31383 
773 0 |t Vasárnap  |g Évf. 38, sz. 15 (2005), o. 16-17 
852 |a SNK  |b KIS3GCP 
852 |a DSZK  |b KIS3GCP 
958 |a HU 
999 |c 1773235  |d 1775165